000 01226nam a22002657a 4500
003 Uzh_bibl
008 260417b |||||||| |||| 00| 0 ukr d
020 _a5-301-00494-8
_c1,74
040 _bукр.
041 _2ukr
_aukr
080 _a821.161.2
090 _a821.161.2
_bЗ-80
100 _a-
245 _aЗолота книга казок
_bУкраїнські народні казки
_cУпоряд. Л.Ф. Дунаєвська
_hТекст
260 _aКиїв
_b"Веселка"
_c1990
300 _a431 с.
_bіл.
_fВ опр.
490 _aЗолота бібліотека учня
520 _aЗбірник відкриває багатотомну «Золоту бібліотеку учня». До нього ввійшли кращі українські народні казки: про тварин, чарівні (фантастичні), соціально-побутові.
521 _aДля широкого кола читачів.
546 _aукр.
650 _aЛітературно-художнє видання
653 _aБіда
_aЗаяче сало
_aХліб і золото
655 _aХудожня література
_vКазки
942 _2udc
_cBK
999 _c17373
_d17373